[Event "Campionato europeo 2007"]
[Site "Dresda GER"]
[Date "2007.04.11"]
[Round "8.14"]
[White "Volkov, Sergey"]
[Black "Markowski, Tomasz"]
[Result "1-0"]
[WhiteElo "2640"]
[BlackElo "2584"]
[PlyCount "79"]
[EventDate "2007.04.03"]
[Source "www.chesslib.no"]
[SourceDate "2004.05.04"]

1. d4 c5 2. d5 d6 3. e4 Nf6 4. Nc3 g6 5. Bb5+ Bd7 6. a4 Bg7 7. Nf3 O-O 8. Nd2 Bxb5 9. axb5 Nbd7 10. Qe2 e6 11. dxe6 fxe6 12. O-O Kh8 13. Nf3 d5 14. Ng5 Qb6 15. e5 Ne4 16. Na4 Qa5 17. Nxe6 Rfe8 18. Nxg7 Kxg7 19. f3 Nd6 20. Qd1 Nxe5 21. Qxd5 Nef7 22. c4 Qb4 23. Nxc5 Qxc4 24. Qxc4 Nxc4 25. Nxb7 Reb8 26. Nc5 Kg8 27. Ne6 Rb7 28. Nd4 Rd8 29. Nc6 Rdd7 30. Re1 Ncd6 31. b4 Nxb5 32. Re8+ Kg7 33. Bb2+ Kh6 34. Re4 Rd6 35. Ne7 Kh5 36. g3 g5 37. g4+ Kh4 38. Nf5+ Kh3 39. Nxd6 Nbxd6 40. Rd4 1-0

[Event "URS-chT"]
[Site "Riga"]
[Date "1975.??.??"]
[Round "?"]
[White "Gurgenidze, Bukhuti"]
[Black "Tal, Mihail"]
[Result "1-0"]
[WhiteElo "2495"]
[BlackElo "2645"]
[PlyCount "79"]
[EventDate "1975.??.??"]
[Source "ChessBase"]

1. d4 c5 2. d5 d6 3. e4 g6 4. Nf3 Bg7 5. Bb5+ Nd7 6. O-O Ngf6 7. Re1 O-O 8. a4 a6 9. Bf1 b6 10. h3 Ne8 11. Na3 Nc7 12. Nc4 Bb7 13. Bg5 f6 14. Bh4 Rb8 15. c3 b5 16. axb5 axb5 17. Na5 Ne5 18. b4 Nxf3+ 19. Qxf3 c4 20. Nxb7 Rxb7 21. g4 Qb8 22. Bg3 Bh6 23. Qd1 Ra7 24. Qd4 Ra8 25. h4 Qb7 26. Bh3 Bg7 27. Qe3 Rxa1 28. Rxa1 Ra8 29. Rxa8+ Nxa8 30. g5 Nc7 31. gxf6 Bxf6 32. f4 Qa8 33. e5 Qa1+ 34. Kg2 Qb2+ 35. Qf2 Qxc3 36. exf6 Qxf6 37. Qa7 Nxd5 38. Qa8+ Kg7 39. Qxd5 c3 40. Qd3 1-0

[Event "Open-1"]
[Site "Saint John Open-1"]
[Date "1988.??.??"]
[Round "?"]
[White "Eingorn, Vereslav S"]
[Black "Torre, Eugenio"]
[Result "1/2-1/2"]
[WhiteElo "2570"]
[BlackElo "2555"]
[PlyCount "26"]
[EventDate "1988.??.??"]
[Source "www.chesslib.no"]
[SourceDate "2004.05.04"]

1. d4 c5 2. d5 d6 3. e4 Nf6 4. Nc3 g6 5. Nf3 Bg7 6. Bb5+ Nbd7 7. a4 O-O 8. e5 a6 9. Be2 Ne8 10. Bf4 Nc7 11. Qd2 Re8 12. Bh6 Kf8 13. Ng5 Nb8 1/2-1/2

[Event "7th Amplico AIG Life S/F"]
[Site "Warsaw POL"]
[Date "2007.12.16"]
[Round "2"]
[White "Moranda, W."]
[Black "Markowski, T."]
[Result "1/2-1/2"]
[WhiteElo "2533"]
[BlackElo "2584"]
[PlyCount "105"]
[EventDate "2007.12.16"]
[Source "www.chesslib.no"]
[SourceDate "2004.05.04"]

1. d4 c5 2. d5 d6 3. e4 Nf6 4. Nc3 g6 5. Bb5+ Bd7 6. a4 Bg7 7. Nf3 O-O 8. h3 Bxb5 9. axb5 Nbd7 10. O-O Ne8 11. Bf4 Nc7 12. Re1 Nb6 13. Qd3 Qd7 14. Nd2 Bxc3 15. bxc3 Nxb5 16. c4 Nc7 17. e5 dxe5 18. Bxe5 Na6 19. Ne4 f6 20. Bc3 Nc8 21. Rxa6 bxa6 22. Nxc5 Qf5 23. Qe2 e5 24. Ne6 Qh5 25. Qxh5 gxh5 26. Nxf8 Kxf8 27. c5 Ne7 28. d6 Nc6 29. f4 Re8 30. fxe5 fxe5 31. Rf1+ Kg8 32. Rb1 Kf7 33. Rb7+ Ke6 34. Rxh7 Kd5 35. d7 Rd8 36. Be1 Ke6 37. Rh6+ Kxd7 38. Rxh5 Ke6 39. Rh4 Rb8 40. Ra4 a5 41. Bxa5 Kd5 42. Bd2 Rb2 43. h4 Rxc2 44. Be3 Rc3 45. Bf2 Nd4 46. h5 Rxc5 47. Rxa7 Rc6 48. Rd7+ Ke4 49. Rg7 Rh6 50. g4 Kf4 51. Rg6 Rxg6 52. hxg6 Ne6 53. Bh4 1/2-1/2

[Event "Shenzhen"]
[Site "Shenzhen"]
[Date "1992.??.??"]
[Round "7"]
[White "Ye Rongguang"]
[Black "Torre, Eugenio"]
[Result "1-0"]
[WhiteElo "2540"]
[BlackElo "2555"]
[PlyCount "93"]
[EventDate "1992.??.??"]
[Source "ChessBase"]

1. d4 c5 2. d5 d6 3. e4 Nf6 4. Nc3 g6 5. Nf3 Bg7 6. Bb5+ Bd7 7. a4 O-O 8. O-O Bg4 9. h3 Bxf3 10. Qxf3 Nbd7 11. Re1 Ne8 12. Bf4 Ne5 13. Qe3 Nc7 14. Bf1 Re8 15. Rad1 Nd7 16. Qd2 b6 17. Kh1 a6 18. Bg3 Rb8 19. f4 b5 20. axb5 axb5 21. e5 b4 22. Ne4 Nb6 23. f5 dxe5 24. d6 Ncd5 25. fxg6 hxg6 26. Bb5 Rf8 27. Bh4 f6 28. d7 e6 29. Nxc5 Qe7 30. Bf2 Rfd8 31. Na6 Nxd7 32. Nxb8 Rxb8 33. Bc4 N7b6 34. Bb3 Bf8 35. Re4 g5 36. Qe2 Nf4 37. Rxf4 gxf4 38. Qg4+ Kf7 39. Qh5+ Kg8 40. Qg4+ Kf7 41. Bc5 Qxc5 42. Qxe6+ Kg6 43. Qf7+ Kh6 44. Qxf6+ Kh7 45. Qf5+ Kg7 46. Qg5+ Kh7 47. Bg8+ 1-0

[Event "tt Clare Benedict"]
[Site "Menorca tt Clare Benedict"]
[Date "1974.??.??"]
[Round "?"]
[White "Sosonko, Gennadi P"]
[Black "Larsen, Bent"]
[Result "0-1"]
[WhiteElo "2450"]
[BlackElo "2630"]
[PlyCount "96"]
[EventDate "1974.??.??"]
[Source "www.chesslib.no"]
[SourceDate "2004.05.04"]

1. d4 c5 2. d5 d6 3. Nc3 g6 4. e4 Bg7 5. Nf3 Nf6 6. Be2 O-O 7. O-O Na6 8. h3 Nc7 9. a4 a6 10. Bf4 b6 11. Re1 Bb7 12. Bc4 Nh5 13. Bh2 b5 14. axb5 axb5 15. Rxa8 Qxa8 16. Nxb5 Nxb5 17. Bxb5 Bxb2 18. c4 f6 19. Re2 Be5 20. Qb1 Bc8 21. Ra2 Qb8 22. Ra3 Bxh2+ 23. Kxh2 Bd7 24. Rb3 Bxb5 25. Rxb5 Qa8 26. Rb7 Re8 27. g3 Ng7 28. Kg2 Qa4 29. Nd2 Kf7 30. Qb3 Qxb3 31. Rxb3 Ra8 32. Kf3 Ra2 33. Ke3 f5 34. g4 h6 35. f4 fxe4 36. Nxe4 Ra1 37. Kf3 Rf1+ 38. Ke3 Ne8 39. Ra3 Rc1 40. Rc3 Rh1 41. Kf2 Rd1 42. Ke3 Nf6 43. Nf2 Rg1 44. Kf3 h5 45. Rc2 h4 46. f5 gxf5 47. gxf5 Rg3+ 48. Ke2 Nh5 0-1

[Event "Open"]
[Site "Zadar"]
[Date "2004.12.17"]
[Round "7.2"]
[White "Blagojevic, Dragisa"]
[Black "Nevednichy, Vladislav"]
[Result "0-1"]
[WhiteElo "2527"]
[BlackElo "2552"]
[PlyCount "156"]
[EventDate "2004.12.13"]
[Source "Roberto Alvarez"]
[SourceDate "2004.12.13"]

1. d4 c5 2. d5 d6 3. c4 g6 4. e4 Bg7 5. Nc3 e6 6. Bd3 a6 7. a4 Ne7 8. h3 O-O 9. Nf3 Nd7 10. O-O b6 11. Bg5 h6 12. dxe6 fxe6 13. Bh4 Ne5 14. Nxe5 Bxe5 15. Ne2 g5 16. Bg3 Bxb2 17. Rb1 Bg7 18. e5 d5 19. Qb3 Rb8 20. Bc2 b5 21. axb5 axb5 22. cxb5 Qb6 23. Nc3 Qa5 24. Na4 c4 25. Qa3 Nf5 26. Bxf5 exf5 27. Qd6 Rxb5 28. Rxb5 Qxb5 29. Nc3 Qd7 30. Qxd5+ Qxd5 31. Nxd5 f4 32. Bh2 Bxe5 33. Rc1 Be6 34. Re1 Bxd5 35. Rxe5 Rd8 36. Re1 c3 37. Rc1 Be4 38. Bxf4 gxf4 39. Rxc3 Rd1+ 40. Kh2 Rd4 41. Rc7 Bg6 42. f3 Bf7 43. Rc6 Kg7 44. Rb6 Rc4 45. Rd6 Be8 46. Re6 Bf7 47. Rd6 h5 48. h4 Rc5 49. Rd4 Rf5 50. Rd6 Rf6 51. Rd4 Kg6 52. Ra4 Bd5 53. Rd4 Rf5 54. Ra4 Kf6 55. Ra6+ Ke5 56. Kg1 Rf6 57. Ra7 Rf7 58. Ra6 Rb7 59. Rh6 Bf7 60. Kh2 Kd4 61. Rf6 Ke3 62. Rf5 Bg6 63. Rg5 Rb6 64. Kg1 Re6 65. Rd5 Rc6 66. Re5+ Kd4 67. Rg5 Ra6 68. Kh2 Ke3 69. Kg1 Ra1+ 70. Kh2 Bd3 71. Rxh5 Kf2 72. Rd5 Be2 73. h5 Rg1 74. Kh3 Rxg2 75. Rf5 Rg3+ 76. Kh4 Kxf3 77. h6 Bd3 78. Rd5 Be4 0-1

[Event "Polish Extraleague"]
[Site "?"]
[Date "2003.09.06"]
[Round "8"]
[White "Miton Kamil"]
[Black "Antoniewski Rafal"]
[Result "1/2-1/2"]
[WhiteElo "2546"]
[BlackElo "2499"]
[PlyCount "24"]
[EventDate "2003.??.??"]
[Source "www.chesslib.no"]
[SourceDate "2004.05.04"]

1. d4 c5 2. d5 d6 3. c4 g6 4. e4 Bg7 5. Nf3 e6 6. Nc3 Ne7 7. Bd3 O-O 8. O-O a6 9. h3 Nd7 10. Bf4 e5 11. Bd2 h6 12. Rb1 f5 1/2-1/2

[Event "Czech Open"]
[Site "?"]
[Date "1998.07.20"]
[Round "4"]
[White "Hasangatin Ramil"]
[Black "Haba Petr"]
[Result "1/2-1/2"]
[WhiteElo "2460"]
[BlackElo "2570"]
[PlyCount "96"]
[EventDate "1998.??.??"]
[Source "www.chesslib.no"]
[SourceDate "2004.05.04"]

1. d4 c5 2. d5 d6 3. Nc3 g6 4. e4 Bg7 5. Nf3 Nf6 6. Be2 O-O 7. O-O Na6 8. Re1 Nc7 9. a4 b6 10. h3 Bb7 11. Bf4 a6 12. Bc4 Qd7 13. Qd3 Rad8 14. Rab1 e6 15. b4 Nxe4 16. Rxe4 Bxc3 17. Qxc3 exd5 18. Bh6 d4 19. Nxd4 Bxe4 20. bxc5 bxc5 21. Nf5 Ne6 22. Bxe6 fxe6 23. Nxd6 Bd5 24. Bxf8 Rxf8 25. Qxc5 Qxa4 26. c4 Qc2 27. Rf1 Qc3 28. Qb6 Ba8 29. Qxa6 Qe5 30. Qa3 Qg5 31. f3 Bxf3 32. Rf2 Bc6 33. Ne4 Qd8 34. Rxf8+ Qxf8 35. Qxf8+ Kxf8 36. Ng5 Kg7 37. Nxe6+ Kf6 38. Nd4 Be4 39. Kf2 Bd3 40. c5 Be4 41. g3 h6 42. c6 Ke7 43. Ke3 Bg2 44. h4 Kd6 45. Kf4 Bf1 46. g4 Ba6 47. Nf3 Be2 48. Nd4 Ba6 1/2-1/2

[Event "Soviet Union"]
[Site "Soviet Union"]
[Date "1981.??.??"]
[Round "?"]
[White "Agzamov, Georgy T"]
[Black "Petrosian, Tigran V"]
[Result "0-1"]
[WhiteElo "2435"]
[BlackElo "2585"]
[PlyCount "160"]
[EventDate "1981.??.??"]
[Source "www.chesslib.no"]
[SourceDate "2004.05.04"]

1. d4 c5 2. d5 d6 3. e4 g6 4. Nf3 Bg7 5. h3 Nf6 6. Nc3 O-O 7. Be3 e6 8. Be2 exd5 9. exd5 Na6 10. O-O Nc7 11. a4 b6 12. Bc4 a6 13. Rb1 Bd7 14. Qe2 Re8 15. Rfd1 Ne4 16. Nxe4 Rxe4 17. Nd2 Re8 18. Bb3 b5 19. axb5 axb5 20. c3 c4 21. Bc2 Nxd5 22. Nxc4 Bc6 23. Nd2 Nxe3 24. fxe3 Qb6 25. Nf1 Be5 26. Kh1 b4 27. Bb3 Re7 28. Qd3 Qb7 29. Qd2 Rb8 30. Nh2 h5 31. Rf1 Kg7 32. Nf3 Bxf3 33. Rxf3 bxc3 34. bxc3 Qe4 35. Qc2 Qxc2 36. Bxc2 Rc8 37. e4 Bxc3 38. Bb3 Rb7 39. Rff1 h4 40. Bd5 Rbc7 41. Rb7 Rxb7 42. Bxb7 Rc7 43. Bd5 Bd4 44. Bb3 f6 45. Bd1 Kh6 46. Bg4 Kg5 47. Rd1 Rc4 48. Rf1 Bc5 49. Bf3 f5 50. exf5 gxf5 51. Rd1 f4 52. Kh2 Kf6 53. Kh1 Rc3 54. Kh2 Ke5 55. Rd5+ Ke6 56. Rd1 Be3 57. Ra1 Rc5 58. Rd1 d5 59. Bh5 d4 60. Bg6 Rc3 61. Bh7 Kd5 62. Bg6 Kc5 63. Bd3 Ra3 64. Bg6 Kc4 65. Bf7+ Kb4 66. Bg6 Ra2 67. Kh1 Kc3 68. Rd3+ Kb2 69. Rd1 Ra1 70. Rxa1 Kxa1 71. g3 fxg3 72. Kg2 Kb2 73. Kf3 Kc3 74. Be4 Bg5 75. Ke2 Be7 76. Bf5 Bc5 77. Be4 d3+ 78. Kf3 Bb6 79. Bc6 d2 80. Ba4 Kb2 0-1

[Event "Masters"]
[Site "Trieste ITA"]
[Date "2007.09.02"]
[Round "2"]
[White "Komarov, D."]
[Black "Hendriks, W."]
[Result "1/2-1/2"]
[WhiteElo "2550"]
[BlackElo "2420"]
[PlyCount "143"]
[EventDate "2007.09.01"]
[Source "www.chesslib.no"]
[SourceDate "2004.05.04"]

1. d4 c5 2. d5 d6 3. e4 Nf6 4. Nc3 e6 5. Bc4 Be7 6. Nf3 exd5 7. Bxd5 O-O 8. O-O Na6 9. Re1 Nc7 10. Bc4 a6 11. a4 Be6 12. Bxe6 fxe6 13. e5 dxe5 14. Qe2 Nfd5 15. Bd2 Bf6 16. Ne4 b6 17. a5 Rb8 18. c4 Nf4 19. Nxf6+ gxf6 20. Qe4 bxa5 21. Bc3 Ne8 22. Rad1 Qc8 23. Nxe5 fxe5 24. Bxe5 Qb7 25. Bxf4 Qxe4 26. Rxe4 Rxb2 27. g3 Ng7 28. Ra1 Nf5 29. Rxa5 Nd4 30. Kg2 Rc8 31. Rxa6 Rc2 32. Be5 Rxc4 33. Rg4+ Kf8 34. Ra7 Nb5 35. Rxc4 Nxa7 36. Rxc5 Rxc5 37. Bd6+ Kf7 38. Bxc5 Nb5 39. Kf3 Nc3 40. Bd4 Nd5 41. Ke4 Ne7 42. Bc5 Nc6 43. g4 Kg6 44. f4 Kf7 45. h4 Na5 46. Bb4 Nc6 47. Bc3 Ne7 48. Be5 Ng8 49. h5 Ne7 50. Bc3 Nc6 51. Be1 Ne7 52. Bh4 Nc6 53. Kd3 Nb4+ 54. Kd4 Nc2+ 55. Ke4 Nb4 56. Bf2 Nc6 57. Bc5 Na5 58. Kd3 Nc6 59. Kc4 Nb8 60. Bd4 Nc6 61. Kc5 Ne7 62. Kd6 Nc8+ 63. Ke5 Ne7 64. Bc5 Nc6+ 65. Kd6 Na5 66. Bd4 Nc4+ 67. Kd7 Nd2 68. g5 Nf3 69. Bc3 Nh4 70. g6+ hxg6 71. h6 Kg8 72. Kxe6 1/2-1/2

[Event "Sachsen"]
[Site "?"]
[Date "1998.??.??"]
[Round "8"]
[White "Spiess Gunter"]
[Black "Haba Petr"]
[Result "0-1"]
[WhiteElo "2400"]
[BlackElo "2570"]
[PlyCount "102"]
[EventDate "1998.??.??"]
[Source "www.chesslib.no"]
[SourceDate "2004.05.04"]

1. d4 c5 2. d5 d6 3. e4 Nf6 4. Nc3 g6 5. Nf3 Bg7 6. Be2 O-O 7. O-O Na6 8. Nd2 Nc7 9. a4 a6 10. f3 Bd7 11. a5 Nb5 12. Nc4 Rb8 13. Na4 e5 14. c3 Nh5 15. g3 Bh3 16. Re1 f5 17. exf5 Rxf5 18. Nab6 Qe7 19. Bf1 Bxf1 20. Rxf1 Rbf8 21. Qe2 R5f7 22. Bd2 Bf6 23. Qe3 Ng7 24. Rae1 Qd8 25. Qd3 Bg5 26. Bxg5 Qxg5 27. Nd2 Qh5 28. Kg2 g5 29. g4 Qh4 30. Nbc4 Rf4 31. Qe2 R8f6 32. Ne4 Rg6 33. Ne3 h5 34. h3 Rh6 35. Rh1 Nc7 36. Ng3 Rhf6 37. Nef5 Nxf5 38. Nxf5 R6xf5 39. gxf5 Nxd5 40. Kf1 Rxf5 41. Qe4 Qxe4 42. Rxe4 Rxf3+ 43. Ke2 Rf4 44. Rxf4 Nxf4+ 45. Ke3 Kf7 46. c4 Ke6 47. Ke4 h4 48. b3 Nh5 49. Kf3 Kf5 50. Rf1 Nf4 51. Rh1 Nxh3 0-1

[Event "Campionato europeo 2007"]
[Site "Dresda GER"]
[Date "2007.04.09"]
[Round "7.102"]
[White "Kotanjian, Tigran"]
[Black "Danilov, Ilie Vladimir"]
[Result "1/2-1/2"]
[WhiteElo "2560"]
[BlackElo "2405"]
[PlyCount "100"]
[EventDate "2007.04.03"]
[Source "www.chesslib.no"]
[SourceDate "2004.05.04"]

1. d4 c5 2. d5 d6 3. e4 Nf6 4. Nc3 g6 5. Nf3 Bg7 6. Bb5+ Bd7 7. a4 O-O 8. O-O Bg4 9. Re1 Na6 10. h3 Bxf3 11. Qxf3 Nc7 12. Qd3 a6 13. Bc4 b6 14. Bg5 h6 15. Bh4 g5 16. Bg3 Nh5 17. Bh2 b5 18. axb5 axb5 19. Rxa8 Qxa8 20. Bxb5 Nxb5 21. Nxb5 Qa5 22. Rb1 c4 23. Qxc4 Rb8 24. Nd4 Bxd4 25. Qxd4 Qa2 26. Qd1 Nf6 27. f3 Rxb2 28. Rxb2 Qxb2 29. Bg3 Nh5 30. Bf2 Nf4 31. Be3 Ng6 32. Qc1 Qc3 33. Qd2 Qa1+ 34. Kh2 f6 35. Bd4 Qf1 36. Qf2 Qc4 37. g3 Kf7 38. Kg2 h5 39. Qd2 h4 40. Bf2 Qc8 41. Kh2 Ne5 42. Qe2 Qc3 43. Kg2 Ng6 44. Be1 Qc8 45. c4 Qa6 46. Kh2 hxg3+ 47. Bxg3 Qa3 48. Kg2 Qc3 49. Qf1 Qc2+ 50. Kh1 Kg7 1/2-1/2

[Event "Orel"]
[Site "Orel"]
[Date "1995.??.??"]
[Round "1"]
[White "Mochalov, Evgeny V"]
[Black "Dyachkov, Sergej"]
[Result "1/2-1/2"]
[WhiteElo "2455"]
[BlackElo "2490"]
[PlyCount "72"]
[EventDate "1995.??.??"]
[Source "ChessBase"]

1. d4 c5 2. d5 d6 3. e4 Nf6 4. Nc3 e6 5. Bb5+ Bd7 6. a4 exd5 7. Nxd5 Nxd5 8. Qxd5 Nc6 9. Nf3 Be7 10. c3 O-O 11. O-O Be6 12. Qd1 d5 13. exd5 Qxd5 14. Qxd5 Bxd5 15. Re1 Rfe8 16. Bf4 a6 17. Bf1 Na5 18. Bc7 Nc4 19. Ne5 Nxe5 20. Rxe5 Bc6 21. Rae1 Bf8 22. Rxe8 Rxe8 23. Rxe8 Bxe8 24. a5 Bb5 25. b3 Bxf1 26. Kxf1 f5 27. Ke2 Kf7 28. Kd3 Ke6 29. Kc4 Kd7 30. Bb6 Kc6 31. h3 Bd6 32. f3 g6 33. g4 Be7 34. Ba7 Bd6 35. Bb6 Be7 36. Ba7 Bd6 1/2-1/2

[Event "Moscow2"]
[Site "Moscow"]
[Date "1994.??.??"]
[Round "1"]
[White "Matros, Alexander"]
[Black "Arkhipov, Sergey"]
[Result "1-0"]
[WhiteElo "2400"]
[BlackElo "2530"]
[PlyCount "59"]
[EventDate "1994.??.??"]
[Source "ChessBase"]

1. d4 c5 2. d5 d6 3. e4 Nf6 4. Nc3 g6 5. f4 Bg7 6. Bb5+ Nfd7 7. Bd3 O-O 8. Nf3 Na6 9. O-O Nc7 10. Qe1 a6 11. a4 Rb8 12. f5 b5 13. Qh4 c4 14. Be2 Nf6 15. Bh6 b4 16. Nd1 Bxh6 17. Qxh6 Nxe4 18. Nf2 Nf6 19. Ng5 Nce8 20. fxg6 fxg6 21. Bg4 Qb6 22. Kh1 Bxg4 23. Nxg4 Rb7 24. Rf3 Qa5 25. Raf1 Qxd5 26. Nxh7 Qf7 27. Ngxf6+ Nxf6 28. Nxf8 Qxf8 29. Qxg6+ Qg7 30. Qf5 1-0

[Event "AUT-chT2M 0001"]
[Site "?"]
[Date "2001.??.??"]
[Round "6"]
[White "Umansky Mikhail Markovich ("]
[Black "Haba Petr"]
[Result "0-1"]
[WhiteElo "2430"]
[BlackElo "2495"]
[PlyCount "110"]
[EventDate "2001.??.??"]
[Source "www.chesslib.no"]
[SourceDate "2004.05.04"]

1. d4 c5 2. d5 d6 3. Nf3 g6 4. e4 Nf6 5. Nc3 Bg7 6. Bb5+ Nbd7 7. a4 O-O 8. O-O Ne8 9. Bg5 Rb8 10. Re1 a6 11. Bf1 Nc7 12. a5 Nb5 13. Na4 h6 14. Bd2 Kh7 15. c4 Nd4 16. Nxd4 Bxd4 17. Bc3 Bxc3 18. Nxc3 b6 19. Qd2 bxa5 20. f4 Qc7 21. Re3 Rb4 22. Bd3 Qb8 23. Nd1 Rb3 24. Qc2 Kg7 25. Rxa5 e5 26. dxe6 fxe6 27. g3 e5 28. f5 Nf6 29. g4 Qb4 30. Ra3 Rxa3 31. bxa3 Qxa3 32. g5 hxg5 33. Rg3 Nh5 34. Rxg5 Nf4 35. Bf1 Qa1 36. Nf2 Bd7 37. Qb3 Bc6 38. Qf3 Rxf5 39. Rxf5 gxf5 40. Qg3+ Kf7 41. Qh4 Ne2+ 42. Kg2 Bxe4+ 43. Nxe4 Nf4+ 44. Kf2 Qd4+ 45. Ke1 Qxe4+ 46. Kd2 Qd4+ 47. Kc2 Ng6 48. Qg3 Qf4 49. Qg1 Kf6 50. Be2 Qe4+ 51. Bd3 Qh4 52. Be2 a5 53. Kb3 Qh3+ 54. Ka4 Qc3 55. Kb5 Qb2+ 0-1

[Event "Helsinki We X op"]
[Site "?"]
[Date "1998.??.??"]
[Round "4"]
[White "Veingold Aleksandr"]
[Black "Kiik Kalle"]
[Result "1-0"]
[WhiteElo "2475"]
[BlackElo "2445"]
[PlyCount "91"]
[EventDate "1998.??.??"]
[Source "www.chesslib.no"]
[SourceDate "2004.05.04"]

1. d4 c5 2. d5 d6 3. e4 Nf6 4. Nc3 g6 5. Bb5+ Nbd7 6. a4 Bg7 7. Nf3 O-O 8. O-O a6 9. Be2 b6 10. Re1 Ne8 11. Bf4 Rb8 12. Qd2 Ne5 13. Rab1 Nc7 14. b4 cxb4 15. Rxb4 a5 16. Rbb1 Nxf3+ 17. Bxf3 Bxc3 18. Qxc3 f6 19. Bh6 Rf7 20. Be3 Na8 21. Be2 Bd7 22. Qd4 Qc7 23. Bd3 Rc8 24. Rb3 e5 25. dxe6 Bxe6 26. Ra3 Qc5 27. Qa1 Qc6 28. Bd4 Rcf8 29. Bb5 Qb7 30. Rc3 Kg7 31. Bc6 Qb8 32. f4 Nc7 33. Rb1 Na8 34. f5 gxf5 35. exf5 Bxf5 36. Bd5 Re7 37. Rf1 Re5 38. Bxe5 fxe5 39. Rcf3 Nc7 40. Be4 Bxe4 41. Rxf8 Qxf8 42. Rxf8 Kxf8 43. Qe1 Bg6 44. Qf2+ Ke7 45. Qxb6 Kd7 46. c3 1-0

[Event "EuTCh w"]
[Site "Plovdiv"]
[Date "2003.10.17"]
[Round "6"]
[White "Stefanova, Antoaneta"]
[Black "Radziewicz, Iweta"]
[Result "0-1"]
[WhiteElo "2497"]
[BlackElo "2423"]
[PlyCount "74"]
[EventDate "2003.10.10"]
[Source "Roberto Alvarez"]
[SourceDate "2003.10.20"]

1. d4 c5 2. d5 d6 3. e4 g6 4. Nc3 Bg7 5. Nf3 Nf6 6. Nd2 O-O 7. a4 e6 8. Be2 exd5 9. exd5 Na6 10. Nc4 Nb4 11. Bf4 Bf5 12. Ne3 Re8 13. Nxf5 gxf5 14. Kf1 Ne4 15. Ra3 Qe7 16. h4 Nxc3 17. bxc3 Nxd5 18. Bg5 Qe5 19. Rh3 f4 20. Rd3 Nc7 21. g3 fxg3 22. Rxg3 Kh8 23. Bd3 f5 24. Qf3 Rf8 25. Qxb7 f4 26. Rf3 d5 27. Ra1 Rae8 28. Bb5 Nxb5 29. axb5 h6 30. Rxa7 hxg5 31. hxg5 Rf5 32. Rh3+ Kg8 33. Rh5 Qe1+ 34. Kg2 f3+ 35. Kh3 Qf1+ 36. Kg4 Rf4+ 37. Kxf4 Rf8+ 0-1

[Event "It CGT 2003"]
[Site "Buenos Aires"]
[Date "2003.12.20"]
[Round "10"]
[White "Sorin, Ariel"]
[Black "Dolezal, Cristian"]
[Result "1-0"]
[WhiteElo "2512"]
[BlackElo "2398"]
[PlyCount "101"]
[EventDate "2003.12.11"]
[Source "Roberto Alvarez"]
[SourceDate "2003.12.22"]

1. d4 c5 2. d5 d6 3. c4 f5 4. Nc3 g6 5. e4 Bg7 6. Qc2 e5 7. exf5 gxf5 8. Nge2 Ne7 9. Bg5 O-O 10. Ng3 Na6 11. a3 Bd7 12. f3 h6 13. Bh4 Qe8 14. Nb5 Nc8 15. Bd3 e4 16. fxe4 fxe4 17. Nxe4 Rf4 18. Bg3 Rxe4+ 19. Bxe4 Bf5 20. O-O Qxe4 21. Qd2 Bd7 22. Nxd6 Nxd6 23. Bxd6 Qxc4 24. Rae1 Re8 25. Kh1 Rxe1 26. Rxe1 Qd4 27. Qxd4 cxd4 28. b4 d3 29. Rd1 Bb5 30. a4 Bxa4 31. Rxd3 Bf6 32. Rf3 Kg7 33. b5 Bxb5 34. Rb3 Bc4 35. Rxb7+ Kg6 36. Rxa7 h5 37. Ba3 h4 38. h3 Kf5 39. Bf8 Nb8 40. Rb7 Be5 41. d6 Nc6 42. Rb6 Bd5 43. Be7 Ke6 44. Bxh4 Bxd6 45. Bf2 Bf4 46. Bg1 Be4 47. Rb2 Ne5 48. Bh2 Be3 49. Re2 Nc4 50. Bg1 Bd3 51. Re1 1-0

[Event "Santa Clara I"]
[Site "?"]
[Date "1994.??.??"]
[Round "2"]
[White "Izeta Txabarri Felix"]
[Black "Armas Jorge"]
[Result "1-0"]
[WhiteElo "2460"]
[BlackElo "2450"]
[PlyCount "113"]
[EventDate "1994.??.??"]
[Source "www.chesslib.no"]
[SourceDate "2004.05.04"]

1. d4 c5 2. d5 d6 3. e4 Nf6 4. Nc3 g6 5. Bc4 Bg7 6. Nf3 O-O 7. O-O Na6 8. h3 Nc7 9. Qd3 Nd7 10. a4 a6 11. Bf4 b6 12. Rfe1 f6 13. Rab1 Ne5 14. Bxe5 fxe5 15. b4 Bh6 16. bxc5 bxc5 17. Rb3 Ne8 18. Reb1 Ng7 19. Rb6 Nh5 20. Ne2 Qd7 21. a5 Kg7 22. Nh2 Qa4 23. Qc3 Nf6 24. Ra1 Qe8 25. Qd3 Nd7 26. Rb3 Bg5 27. Nc3 Qd8 28. Nf1 h5 29. Rbb1 Bh4 30. f3 Bg5 31. Na4 Qxa5 32. Nb6 Qxb6 33. Rxb6 Nxb6 34. Bb3 Bd7 35. Ra5 Rfc8 36. Ne3 Bxe3+ 37. Qxe3 Rc7 38. c3 Rb8 39. Ra1 Bc8 40. Bd1 Nd7 41. Ba4 Rcb7 42. Bxd7 Rb1+ 43. Rxb1 Rxb1+ 44. Kh2 Bxd7 45. Qg5 Kf7 46. Qh6 Be8 47. f4 exf4 48. Qxf4+ Kg7 49. e5 Rb6 50. Kg3 a5 51. exd6 Rxd6 52. c4 a4 53. Qe3 Kf8 54. Qxc5 Ra6 55. Qa3 Rb6 56. Kf4 Rb3 57. Qa2 1-0

[Event "Polish Extraleague"]
[Site "Lubniewice"]
[Date "2003.08.31"]
[Round "2"]
[White "Schmidt, Wlodzimierz"]
[Black "Matlak, Marek"]
[Result "0-1"]
[WhiteElo "2406"]
[BlackElo "2501"]
[PlyCount "100"]
[EventDate "2003.08.30"]
[Source "Roberto Alvarez"]
[SourceDate "2003.09.15"]

1. d4 c5 2. d5 d6 3. e4 g6 4. Nf3 Bg7 5. Be2 Nf6 6. Nc3 O-O 7. O-O e6 8. Nd2 exd5 9. exd5 Nbd7 10. Nc4 Nb6 11. Ne3 Ne8 12. a4 f5 13. a5 Nd7 14. f4 Ndf6 15. h3 h5 16. Bf3 Nc7 17. Qd3 Bd7 18. Ncd1 Qe7 19. Nf2 Rae8 20. c3 Ne4 21. Qc2 Bh6 22. Nc4 Ng3 23. Bd2 Nxf1 24. Rxf1 Bb5 25. Qb3 Qd7 26. Qa2 Re7 27. Rb1 Rc8 28. b3 Ne8 29. g4 hxg4 30. hxg4 Bf8 31. Qc2 Bxc4 32. bxc4 Rh7 33. Re1 Ng7 34. Re6 Qf7 35. g5 Kh8 36. Rf6 Qe8 37. Kg2 Be7 38. Re6 Qf7 39. Re1 Re8 40. Rb1 Bd8 41. Qa4 Qc7 42. Rb5 Re7 43. a6 b6 44. Rb1 Qd7 45. Qa1 Ne8 46. Rb2 Nc7 47. Ra2 Qe8 48. Qf1 Kg7 49. Nh1 Qh8 50. Kg3 Rh2 0-1

[Event "Santo Domingo"]
[Site "?"]
[Date "2006.11.01"]
[Round "2"]
[White "Ikonnikov Vyacheslav"]
[Black "Belorusov Mikhail"]
[Result "1-0"]
[WhiteElo "2588"]
[BlackElo "2315"]
[PlyCount "87"]
[EventDate "2006.??.??"]
[Source "www.chesslib.no"]
[SourceDate "2004.05.04"]

1. d4 c5 2. d5 d6 3. e4 Nf6 4. Nc3 g6 5. Nf3 Bg7 6. Bb5+ Bd7 7. a4 O-O 8. O-O a6 9. Be2 Bg4 10. Nd2 Bxe2 11. Qxe2 Nbd7 12. Nc4 Nb6 13. Na3 Rb8 14. a5 Na8 15. Nc4 Nd7 16. Bg5 Nc7 17. Na4 Ne5 18. Nab6 Na8 19. c3 Nxb6 20. Nxb6 Nd7 21. Nc4 Bf6 22. Bxf6 Nxf6 23. f4 Qc7 24. Rad1 Rbd8 25. Rd3 e6 26. e5 dxe5 27. d6 Qc6 28. fxe5 Nd5 29. Rdf3 b5 30. axb6 Nxb6 31. Nd2 c4 32. Ne4 Nd7 33. Rh3 Qb5 34. Qe3 Qxe5 35. Nf6+ Qxf6 36. Rxf6 Nxf6 37. Qg5 Kg7 38. Qe5 Rb8 39. Rf3 Rxb2 40. Qxf6+ Kg8 41. Rf2 Rb7 42. h4 h5 43. g4 Rb5 44. Rd2 1-0

[Event "FSGM July"]
[Site "Budapest"]
[Date "2004.07.09"]
[Round "7"]
[White "Nguyen, Ngoc Truongson"]
[Black "Fogarasi, Tibor"]
[Result "1-0"]
[WhiteElo "2466"]
[BlackElo "2436"]
[PlyCount "75"]
[EventDate "2004.07.03"]
[Source "Roberto Alvarez"]
[SourceDate "2004.07.12"]

1. d4 c5 2. d5 d6 3. e4 g6 4. Ne2 Bg7 5. Nec3 Nf6 6. Be2 O-O 7. O-O e6 8. Nd2 exd5 9. exd5 Nbd7 10. Nc4 Nb6 11. Ne3 Re8 12. a4 Ne4 13. Nxe4 Rxe4 14. c3 a5 15. Bd3 Re8 16. Bb5 Bd7 17. Qb3 Bxb5 18. Qxb5 f5 19. Bd2 f4 20. Nc4 Nxc4 21. Qxc4 f3 22. gxf3 Qf6 23. Qf4 Re5 24. Qxf6 Bxf6 25. c4 Re2 26. Bf4 Rxb2 27. Bxd6 Rb4 28. Rac1 Rxa4 29. Rfe1 Kf7 30. Rb1 Rxc4 31. Rxb7+ Kg8 32. Bb8 Kf8 33. Re6 Bh4 34. Rc6 Ke8 35. Rc8+ Bd8 36. d6 Rc1+ 37. Kg2 Re1 38. Rxh7 1-0